Atlas invazních rostlin /

Hlavní autor: Jurek, Vilém, 1985-
Další autoři: Pakostová, Petra
Jazyk: Čeština
Vydáno: V Brně : Rezekvítek, 2024
Témata:
Fyzický popis: 1 složený list (8 nečíslovaných stran) : barevné ilustrace ; 24 cm
Knihy
Uloženo v:
LEADER 01701nam a2200469 i 4500
001 nkc20253668405
003 CZ PrNK
005 20250219074315.0
007 ta
008 250124s2024 xr a e 000 0 cze
015 |a cnb003668405 
020 |a 978-80-86626-50-5  |q (list) 
035 |a (OCoLC)1505964412 
040 |a BOA001  |b cze  |d ABA001  |e rda 
043 |a e-xr--- 
072 7 |a 58  |x Botanika  |2 Konspekt  |9 2 
080 |a 582-152.42  |2 MRF 
080 |a 581.9  |2 MRF 
080 |a (437.3)  |2 MRF 
080 |a (084.42)  |2 MRF 
100 1 |a Jurek, Vilém,  |d 1985-  |7 mzk20231180765  |4 aut 
245 1 0 |a Atlas invazních rostlin /  |c text: Vilém Jurek ; ilustrace: Petra Pakostová 
264 1 |a V Brně :  |b Rezekvítek,  |c 2024 
300 |a 1 složený list (8 nečíslovaných stran) :  |b barevné ilustrace ;  |c 24 cm 
336 |a text  |b txt  |2 rdacontent 
336 |a statický obraz  |b sti  |2 rdacontent 
337 |a bez média  |b n  |2 rdamedia 
338 |a svazek  |b nc  |2 rdacarrier 
588 |a Popsáno podle dotisku 2024, rok původního vydání neuveden  |5 CZ-PrNK 
650 0 7 |a invazivní rostliny  |7 ph976247  |z Česko  |2 czenas 
650 0 7 |a flóra  |7 ph114559  |z Česko  |2 czenas 
650 0 9 |a invasive plants  |z Czechia  |2 eczenas 
650 0 9 |a flora  |z Czechia  |2 eczenas 
655 7 |a atlasy  |7 fd131835  |2 czenas 
655 9 |a atlases  |2 eczenas 
700 1 |a Pakostová, Petra  |7 jx20101109009  |4 ill 
910 2 |a BOA001  |b 2-1486.230 
990 |a BK 
995 |a 01 
991 |b 202502  |c NOV 
996 6 |b 2610993953  |c 2-1486.230  |l MZK  |r Sklad / do 1 hodiny  |n 0  |p p.v.  |w 001993706  |u 000010  |a 1  |e BOA001  |j MZK50  |s P 
996 7 |b 2610993954  |c 2-1486.230  |l MZK  |r Sklad / do 1 hodiny  |n 0  |p p.v.  |w 001993706  |u 000020  |a 1  |e BOA001  |j MZK50  |s A